| 000 | 00400nam a22001457a 4500 | ||
|---|---|---|---|
| 005 | 20240319144345.0 | ||
| 008 | 240319b ||||| |||| 00| 0 eng d | ||
| 040 | _cAL | ||
| 041 | _aEnglish | ||
| 082 |
_223 _a658.8 _bPERS |
||
| 100 |
_aSatheesh C _9155410 |
||
| 245 | _aPersonal Selling: A Case Study of Apsons Marketing Kozhikode | ||
| 650 |
_aProject Report 1999-2000 _9155411 |
||
| 942 |
_2ddc _cPRO |
||
| 999 |
_c230519 _d230519 |
||